Cristiano Ronaldo - Statistics

Estatísticas Gerais
  • Esse quiz foi jogado 329 vezes
  • A pontuação média é 11 de 15
Estatísticas das Respostas
Hint Resposta % Correto
Qual a sua idade? 36
97%
Quantos filhos têm? 4
93%
Clube onde jogava em Itália? Juventus
89%
Qual o número da sua camisola? 7
88%
Clube onde joga atualmente? Manchester United
88%
Clube onde jogou em Espanha? Real Madrid
88%
Quantas vezes ganhou a bola de ouro? 5
87%
Clube onde jogava antes de ir para o Manchester United pela primeira vez? Sporting
87%
Quantas vezes ganhou a bota de ouro? 4
86%
Em que ano começou a jogar na seleção portuguesa? 2003
83%
Como se chama a sua namorada? Georgina Rodríguez
50%
Local onde nasceu? Madeira
50%
Como se chama a sua mãe? Dolores Aveiro
30%
Como se chama a filha que tem com a sua namorada? Alana
21%
Em que posição joga? Ponta de lança
21%
Nenhum quiz correspondente encontrado
Distribuição das Pontuações
Porcentagem de Pessoas com Cada Pontuação
Percentil de Números Respondidos
Sua Pontuação Histórica
Você não jogou esse quiz